Les pièges de Kevin dans Maman, j'ai raté l'avion (mort subite) - Statistiques

Statistiques générales
  • Ce quiz a été pris 172 fois
  • Le résultat moyen est 5 sur 15
Answers on the Grid
Answers color-coded by a green-red scale on the quiz's grid according to % correct below.
Une tyrolienne
Une poignée de porte chauffée à blanc
Un lance-flammes relié à l'ouverture de la porte
Des billes devant la porte d'entrée
Des sangsues dans un aquarium
Un trampoline devant un lac gelé
Un pot de peinture lancé dans la cage d'escaliers
Des cailloux dans des boules de neige
Des boules de Noel devant la fenêtre
Un fer à repasser relié à une lampe
Un moteur de camion trafiqué
Un fil dans le couloir
De l'huile de foie de morue dans une tarte
Un ventilateur qui souffle des plumes
Des petites voitures devant l'escalier
Une lumière aveuglante dans les yeux
Un escalier qui glisse
Des tessons de verre sur une échelle
Un lit clouté
Une bassine d'eau reliée à un transformateur électrique
Du goudron dans l'escalier
Un robinet qui donne de la gadoue
Des oeufs pourris lancés
Un trou rempli d'abeilles
Un chien enragé
Une poubelle piégée
De l'eau bouillante jetée depuis le toit
Une poutre en fer lancée dans la cage d'escaliers
Des pavés reliés à une luge
Un clou dans l'escalier
 
Statistiques - réponses
Réponse % Correct
Une poignée de porte chauffée à blanc
79%
Une tyrolienne
61%
Un lance-flammes relié à l'ouverture de la porte
59%
Un pot de peinture lancé dans la cage d'escaliers
38%
Un fer à repasser relié à une lampe
37%
Un ventilateur qui souffle des plumes
37%
Un escalier qui glisse
29%
Des boules de Noel devant la fenêtre
28%
Des petites voitures devant l'escalier
28%
Un fil dans le couloir
24%
Un clou dans l'escalier
21%
Du goudron dans l'escalier
18%
Une poutre en fer lancée dans la cage d'escaliers
17%
Un robinet qui donne de la gadoue
2%
Un trou rempli d'abeilles
1%
Aucun quiz correspondant
Distribution des résultats
% des personnes avec chaque résultat
Percentile par nombre de réponses
Votre historique - résultats
Vous n’avez pas pris ce quiz